Discursos pronunciados por el senador nacional y candidato a la gobernación Dr. José Camilo Crotto / (Registro nro. 27666)
[ vista simple ]
| 000 -LEADER | |
|---|---|
| campo de control de longitud fija | 00694nam a2200217Ia 4500 |
| 001 - NÚMERO DE CONTROL | |
| campo de control | 27666 |
| 003 - IDENTIFICADOR DE NÚMERO DE CONTROL | |
| campo de control | AR-BaAGN |
| 005 - FECHA Y HORA DE LA ÚLTIMA TRANSACCIÓN | |
| campo de control | 20231116141942.0 |
| 007 - CAMPO FIJO DE DESCRIPCIÓN FÍSICA--INFORMACIÓN GENERAL | |
| campo de control de longitud fija | ta |
| 008 - DATOS DE LONGITUD FIJA--INFORMACIÓN GENERAL | |
| campo de control de longitud fija | 211213s1918 xx |||||||||||||| ||spa d |
| 040 ## - FUENTE DE CATALOGACIÓN | |
| Centro/agencia modificador | AR-BaAGN |
| Centro catalogador/agencia de origen | AR-BaAGN |
| Lengua de catalogación | español |
| Normas de descripción | aacr |
| 942 ## - ELEMENTOS DE ENTRADA SECUNDARIOS (KOHA) | |
| Tipo de ítem Koha | Libro |
| 100 ## - ENTRADA PRINCIPAL--NOMBRE DE PERSONA | |
| Nombre de persona | Crotto, José Camilo |
| 245 10 - MENCIÓN DEL TÍTULO | |
| Título | Discursos pronunciados por el senador nacional y candidato a la gobernación Dr. José Camilo Crotto / |
| Mención de responsabilidad, etc. | José Camilo Crotto |
| 260 ## - PUBLICACIÓN, DISTRIBUCIÓN, ETC. | |
| Lugar de publicación, distribución, etc. | [Lugar de publicación no identificado] : |
| Nombre del editor, distribuidor, etc. | Comité Nacional de la Unión Civica Radical, |
| Fecha de publicación, distribución, etc. | [1918] |
| 300 ## - DESCRIPCIÓN FÍSICA | |
| Extensión | 185 páginas |
| 336 ## - TIPO DE CONTENIDO | |
| Fuente | rdacontent |
| Código de tipo de contenido | texto |
| 337 ## - TIPO DE MEDIO | |
| Fuente | rdamedia |
| Código del tipo de medio | no mediado |
| 338 ## - TIPO DE SOPORTE | |
| Fuente | rdacarrier |
| Código del tipo de soporte | volumen |
| Estado de retiro | Estado de pérdida | Estado de conservación | Biblioteca actual | Ubicación en estantería | Signatura topográfica completa | Código de barras | Tipo de ítem Koha | Nota pública |
|---|---|---|---|---|---|---|---|---|
| Biblioteca del Archivo General de la Nación | Ernesto H. Celesia - Biblioteca | EC 7186 | EC-7186 | Libro | 20-02-33 |
